| 000 | 00793nam a22002057a 4500 | ||
|---|---|---|---|
| 999 |
_c4527 _d4527 |
||
| 003 | AR-CdUCM | ||
| 008 | 190308b ||||| |||| 00| 0 spa d | ||
| 040 |
_aMUNICIPALIDAD PROVINCIAL DEL CUSCO _cBIBLIOTECA MUNICIPAL DEL CUSCO |
||
| 082 |
_23ed. _a372.4 / _bC72 |
||
| 100 |
_aCollin, Georges _914188 |
||
| 245 | _aCompendio de psicología infantil / | ||
| 260 |
_aBuenos Aires : _bEditorial kapelusz, _c1960. |
||
| 300 |
_a277 paginas ; _c20 cm. |
||
| 505 | _aContenido :La estructura del niño -- La estructura mental del niño -- Las necesidades del niño -- El placer y el dolor en el niño -- La inteligencia del niño ... | ||
| 650 |
_aPsicología del niño _95112 |
||
| 650 |
_aDerechos del niño _92988 |
||
| 650 |
_aDeberes del niño _914189 |
||
| 942 |
_2ddc _cLIBROS |
||
| 945 | _arum | ||